00660cam a22002291 4500001001300000003000400013005001700017008004100034010001700075035001900092040001700111042001200128050001700140100003200157245003700189260004400226300003800270500005100308504002500359651002900384999001700413sa 65004581 DLC20260227112131.0820719s1956 ii ab b 000 0 eng  asa 65004581  a(OCoLC)8610292 aDLCcMAdDLC apremarc00aDS486.S3bA71 aAgrawala, Vasudeva Sharana.10aSārnāth,cby V. S. Agrawala. aDelhi,bManager of Publications,c1956. a26 p.billus., fold. map.c21 cm. aAt head of title: Dept. of Archaeology, India. aBibliography: p. 26. 0aSārnāth Site (India) c63836d63836